000 00256nam a2200109Ia 4500
008 220204s9999 xx 000 0 und d
082 _a232.31
_bLAL
100 _aLalita
245 0 _aChoose your own mantra
260 _aNew York
_bBantam
_c1978
942 _cBK
999 _c33497
_d33497